all mitski songs 2024 - Statistics

General Stats
  • This quiz has been taken 57 times
  • The average score is 50 of 80
Answer Stats
Answer % Correct
Lush Liquid smooth
93%
A pearl
84%
Class of 2013
84%
Francis forever
84%
I bet on losing dogs
84%
My love mine all mine
84%
Eric
81%
First love / Late spring
81%
Brand new city
79%
Nobody
79%
Abbey
77%
Bag of bones
77%
Carry me out
74%
Door
74%
Retired from sad,new career in business Goodbye, my danish sweetheart
74%
Washing machine heart
74%
Buffalo replaced
72%
I Will
72%
Jobless monday
72%
Me and my husband
72%
Pearl diver
72%
Pink in the night
72%
Square
72%
Last words of a shooting star
70%
My body's made of crushed little stars
70%
Strawberry blond
70%
Townie
70%
Your best american girl
70%
A burning hill
67%
The land is inhospitable and so are we Bug like an angel
67%
Crack baby
67%
Once more to see you
67%
Shame
67%
Star
67%
Bury me at make out creek Texas Reznikoff
67%
Wife
67%
Dan the dancer
65%
Drunk walk home
65%
Puberty 2 Happy
65%
I don't smoke
65%
Real men
65%
Laurel Hell Valentine, texas
65%
A loving feeling
63%
Circle
63%
Be the cowboy Geyser
63%
Love me more
63%
Working for the knife
63%
Because dreaming costs money my dear
60%
I want you
60%
When memories snow
60%
Why didn't you stop me?
60%
Bonus/singles Cop car
58%
Old friend
58%
Two slow dancers
58%
A horse named cold air
56%
Blue light
56%
Fireworks
56%
Heaven
56%
Humpty
56%
The frost
56%
I guess
53%
I'm your man
53%
Lonesome love
53%
Remember my name
53%
That's our lamp
53%
The deal
53%
Thursday girl
53%
Heat lightning
51%
I don't like my mind
51%
I love me after you
51%
Should've been me
51%
Stay soft
51%
Come into the water
44%
Everyone
44%
The only heartbreaker
44%
There's nothing left for you
33%
This is a life
19%
The baddy man
5%
The beginning
5%
The end
5%
No matching quizzes found
Score Distribution
Percent of People with Each Score
Percentile by Number Answered
Your Score History
You have not taken this quiz